00828nam a22001337a 450000500170000000800410001724500350005826000200009350503430011394200120045699900160046895201050048495201050058920230619144223.0230619b ||||| |||| 00| 0 eng d aLas 101: Introduction to law / aToronto:c2013. aContents: Introduction to the legal system -- The Canadian constitution -- The Canadian charter of rights and freedoms -- Criminal law -- Criminal procedure -- Canadian human rights -- International law -- Family law -- Property law -- The law of torts -- Residential landlord/tenant law -- Powers of attorney and wills -- Commercial law. 2lcccBK c9747d17247 00102lcc4070aWIUC-1bWIUC-1cLLd2023-06-19p2954/123/23r2023-06-19 00:00:00t1w2023-06-19yBK 00102lcc4070aWIUC-1bWIUC-1cLLd2023-06-19p2955/124/23r2023-06-19 00:00:00t2w2023-06-19yBK